000 00303nam a22001337a 4500
020 _a81-7992-232-4
082 _a158
_bSHA/W
100 _aSHARMA,ROBIN
245 _aWHO WILL CRY WHEN YOU DIE?
260 _aINDIA
_bJAICO BOOKS
300 _a225
650 _aPERSONALITY DEVELOPMENT
_zINDIA
942 _cBK
999 _c5368
_d5368